000 00974nam a22002177a 4500
003 BDDh-ASL
005 20231015031224.0
008 200921s1994 b ||||| b||| 001 0 b d
040 _aBDDh-ASL
_cBDDh-ASL
_dBDDh-ASL
041 _abengali
082 _a306.42
_bBAB
245 0 0 _aবাংলা সংস্কৃতির শতবর্ষ:
_cকরুণাময় গোস্বামী ও অন্যান্য (সম্পা.)।
_b১৩০১-১৪০০ /
246 _aBangla Sanskritir Shatabarsha.
260 _aঢাকা:
_bমুক্তধারা,
_c১৯৭৫।
300 _a৭৫০ পৃষ্ঠা:
_c২২ সে. মি.।
504 _aগ্রন্থপঞ্জি সংযুক্ত ।
650 0 _aসংস্কৃতি (Culture)
_95961
650 0 _aSocial Science (সমাজ বিজ্ঞান)
_95535
700 1 _aগোস্বামী, করুণাময়
_9846
942 _2ddc
_cBK
999 _c31028
_d31028